| 000 | 01111cab a22001935a 4500 | ||
|---|---|---|---|
| 001 | L152762 | ||
| 008 | 110419e20110326xxk 000 0 eng d | ||
| 035 | _a(Sirsi) u152762 | ||
| 041 | 0 | _aeng | |
| 100 | 1 | _aHighmore, Sue | |
| 245 | 0 | 0 | _aWater resistance |
| 260 | _c2011 | ||
| 490 |
_aEstates Gazette _v(1112) 26 March 2011, 104-106(3) |
||
| 520 | _aExplains the tougher stance that the insurance industry is taking on flooding. Insurance practice on flood risk has changed over the past 12 months; members of the Association of British Insurers are committed until July 2013 to the revised 'Statement of principles on the provision of flood insurance' but they have made it clear they do not intend to renew the commitment after this. With further advice on flood-resistance works and keeping up with insurers with a mention of the RICS booklet on flooding and the requirement in the Red Book for surveyors to consider flooding in their valuations. | ||
| 590 | _aKA | ||
| 651 | 4 |
_aEngland and Wales _y1543- |
|
| 690 | _aENVIRONMENTAL AND LAND CONSULTANCY-WATER RESOURCE MANAGEMENT-FLOODING | ||
| 942 | _n0 | ||
| 999 |
_c83080 _d83080 |
||